ARRUPE JESUIT UNIVERSITY

CORONAVIRUS -STOP THE SPREAD - CLEAN,DISINFECT,COVER

The hunter and his art; (Record no. 128759)

MARC details
000 -LEADER
fixed length control field 00812nam a2200241 4500
001 - CONTROL NUMBER
control field 1258521
003 - CONTROL NUMBER IDENTIFIER
control field ARRUPE
005 - DATE AND TIME OF LATEST TRANSACTION
control field 20190109153602.0
008 - FIXED-LENGTH DATA ELEMENTS--GENERAL INFORMATION
fixed length control field 710820s1970 sa abf b 001 0 eng
010 ## - LIBRARY OF CONGRESS CONTROL NUMBER
LC control number 73585774
015 ## - NATIONAL BIBLIOGRAPHY NUMBER
National bibliography number SANB***
040 ## - CATALOGING SOURCE
Original cataloging agency DLC
Transcribing agency DLC
Modifying agency DLC
043 ## - GEOGRAPHIC AREA CODE
Geographic area code fs-----
050 00 - LIBRARY OF CONGRESS CALL NUMBER
Classification number SPC N5310.5.S6
Item number R8
300 ## - PHYSICAL DESCRIPTION
Other physical details illus., maps., 60 col. plates.
Dimensions 26 x 30 cm.
100 1# - MAIN ENTRY--PERSONAL NAME
Personal name Rudner, Jalmar.
9 (RLIN) 43944
245 14 - TITLE STATEMENT
Title The hunter and his art;
Remainder of title a survey of rock art in Southern Africa,
Statement of responsibility, etc by Jalmar and Ione Rudner.
260 ## - PUBLICATION, DISTRIBUTION, ETC. (IMPRINT)
Place of publication, distribution, etc Cape Town,
Name of publisher, distributor, etc C. Struik,
Date of publication, distribution, etc 1970.
300 ## - PHYSICAL DESCRIPTION
Extent xi, 278 p.
504 ## - BIBLIOGRAPHY, ETC. NOTE
Bibliography, etc Bibliography: p. 273-274.
650 #0 - SUBJECT ADDED ENTRY--TOPICAL TERM
Topical term or geographic name as entry element Art, Prehistoric
Geographic subdivision Africa, Southern.
9 (RLIN) 43945
700 1# - ADDED ENTRY--PERSONAL NAME
Personal name Rudner, Ione,
Relator term joint author.
9 (RLIN) 43946
906 ## - LOCAL DATA ELEMENT F, LDF (RLIN)
a 7
b cbc
c orignew
d 4
e ncip
f 19
g y-gencatlg
942 ## - ADDED ENTRY ELEMENTS (KOHA)
Source of classification or shelving scheme Library of Congress Classification
Koha item type SPC
Holdings
Withdrawn status Lost status Source of classification or shelving scheme Damaged status Not for loan Home library Current library Date acquired Total Checkouts Full call number Barcode Date last seen Price effective from Koha item type
    Library of Congress Classification     ARRUPE LIBRARY ARRUPE LIBRARY 09/01/2019   SPC N5310.5.S6 R8 46600002392 21/01/2019 09/01/2019 SPC

 

Arrupe Library. PO Box MP320 Mt Pleasant, Harare, Zimbabwe
263 242 745411|librarian@aju.ac.zw